000
00270nam a22001217a 4500
999
_c
534249
_d
534249
040
_c
dlc
082
_a
891.4397
100
_a
Madiha Naz
_9
28414
245
_a
Mazahiya Shayari
260
_a
Lahore
_b
Ch.Ghulam Rasool & Sons
_c
c2009
300
_a
272;p
942
_2
ddc
_c
BK